000
00300nam a2200121Ia 4500
005
20251222144650.0
008
251222s9999||||xx |||||||||||||| ||spa||
082
_a
985.031/L27
100
_a
Lastres, Juan B.
245
0
_a
Lope de Aguirre, El Rebelde:
264
_b
Universidad de Lima
942
_c
LIB
999
_c
17040
_d
17040